Statistiques concernant Ligne 3 du métro de Paris

Cliquez ici pour prendre le quiz!

Statistiques générales

  • Ce quiz a été pris 1 237 fois
  • Le résultat moyen est 19 sur 25

Statistiques - réponses

#Réponse% Correct
25Gallieni
87%
1Pont de Levallois - Bécon
85%
10Saint-Lazare
85%
19République
84%
12Opéra
83%
8Villiers
80%
14Bourse
79%
9Europe
77%
11Havre - Caumartin
77%
22Père Lachaise
77%
15Sentier
76%
16Réaumur - Sébastopol
75%
17Arts et Métiers
74%
2Anatole France
73%
3Louise Michel
73%
13Quatre-Septembre
73%
23Gambetta
72%
6Wagram
72%
18Temple
70%
4Porte de Champerret
69%
7Malesherbes
68%
5Pereire
68%
24Porte de Bagnolet
68%
20Parmentier
65%
21Rue Saint-Maur
62%

Distribution des résultats

Percentile par nombre de réponses

% des personnes avec chaque résultat

Votre développement - résultats

Vous n’avez pas pris ce quiz